000 00845cam a2200265 a 4500
999 _c130048
_d130048
001 14659279
003 ARRUPE
005 20191115125426.0
008 061207s2006 pau b 001 0 eng
010 _a 2004099658
020 _a1413478433
020 _a1413478425 (pbk.)
040 _aDLC
_cDLC
043 _af-lb---
050 0 0 _aDT631
_b.T45 2006
100 1 _aTellewoyan, Joseph.
_948721
245 1 4 _aThe years the locusts have eaten :
_bLiberia, 1816-2004 /
_cJoseph Tellewoyan.
260 _a[Philadelphia] :
_bXlibris Corporation,
_cc2006.
300 _a638 p. ;
_c22 cm.
504 _aIncludes bibliographical references (p. 615-631) and index.
651 0 _aLiberia
_xHistory.
_943162
906 _a7
_bcbc
_corignew
_d3
_encip
_f20
_gy-gencatlg
942 _2lcc
_cMONOGRAPH